Bilecik Bilecik Bilecik Bilecik Bilecik

Moondial/ (Record no. 27808)

MARC details
000 -BAŞLIK
Sabit Uzunluktaki Kontrol Alanı 01004nam a22003257a 4500
001 - KONTROL NUMARASI
Control Dosyası 0027884
003 - KONTROL NUMARASI KİMLİĞİ
Kontrol Alanı KOHA_MİRAKIL
005 - EN SON İŞLEM TARİHİ ve ZAMANI
Kontrol Alanı 20260207002612.0
007 - FİZİKSEL TANIM SABİT ALAN - GENEL BİLGİ
Sabit uzunluklu kontrol alanı ta
008 - SABİT UZUNLUKTAKİ VERİ ÖGELERİ - GENEL BİLGİ
Sabit Alan 110302b2000 sp a|||gr||||#0|||1|eng |
020 ## - ISBN - ULUSLARARASI STANDART KİTAP NUMARASI
Isbn 0194230090
040 ## - KATALOGLAMA KAYNAĞI
Özgün Kataloglama Kurumu TR-BiSEU
Kataloglama Dili tur
Çeviri Kurumu TR-BiSEU
Açıklama Kuralları rda
041 0# - DİL KODU
Metin ya da ses kaydının dil kodu eng
044 ## - YAYINLAYAN/ÜRETEN KURULUŞUN ÜLKE KODU
ISO country code sp
050 ## - SINIFLAMA ve YER NUMARASI
Sınıflama Numarası PE1128.C74
Yer Numarası I54 2000
100 1# - KİŞİ ADI
Yazar Adı (Kişi adı) Cresswell, Helen.
245 1# - ESER ADI BİLDİRİMİ
Başlık Moondial/
Sorumluluk Bildirimi Helen Cresswell ; Helen Cresswell.
264 #1 - ÜRERİM, YAYIN, DAĞITIM ve TELİF BİLDİRİMİ
Yayın yeri Oxford :
Yayınlayan Oxford University Press
Yayın tarihi 2000
300 ## - FİZİKSEL TANIMLAMA
Sayfa, Cilt vb. 72 p. :
Diğer fiziki detaylar ill. ;
Boyutları 20 cm
336 ## - İÇERİK TÜRÜ
Content type term metin
Content type code txt
Source rdacontent
337 ## - MEDYA TÜRÜ
Media type term aracısız
Media type code n
Source rdamedia
338 ## - TAŞIYICI TÜRÜ
Carrier type term cilt
Carrier type code nc
Source rdacarrier
500 ## - GENEL NOT
Genel Not Easyreader (1000 heawords) Book -- Story (Kitap -- Hikaye).
650 #0 - KONU BAŞLIĞI EK GİRİŞ - KONU TERİMİ
Konusal terim veya coğrafi ad English Language--Textbooks for foreign speakers.
9 (RLIN) 50501
650 #0 - KONU BAŞLIĞI EK GİRİŞ - KONU TERİMİ
Konusal terim veya coğrafi ad English language--Study and teaching.
9 (RLIN) 40817
650 #0 - KONU BAŞLIĞI EK GİRİŞ - KONU TERİMİ
Konusal terim veya coğrafi ad Readers--United States.
9 (RLIN) 50502
650 #0 - KONU BAŞLIĞI EK GİRİŞ - KONU TERİMİ
Konusal terim veya coğrafi ad İngilizce hikaye.
9 (RLIN) 11986
907 ## - LOCAL DATA ELEMENT G, LDG (RLIN)
a Dil
942 ## - EK GİRİŞ ÖGELERİ (KOHA)
Source of classification or shelving scheme Library of Congress Classification
Koha item type Book
Holdings
Materyal Türü Kalıcı Konum Mevcut Konum Raf Yeri Sınıflandırma Kaynağı Edinim Bilgisi Ana Konular Alt Konular Yer Numarası Demirbaş Numarası Fatura Tarihi Maliyet, Alış Fiyatı Maliyet, Yenileme Fiyatı Geri Çekilme Durumu Kayıp Durumu Hasarlı Durumu Kredi için değil Kayıt Tarih Toplam Ödünçverme Son Görülme Tarihi Son Kontrol Tarihi Genel / Bağış Notu
Book Prof. Dr. Azmi Özcan Kütüphanesi Prof. Dr. Azmi Özcan Kütüphanesi Birûni Salonu Library of Congress Classification Bağış DİL VE EDEBİYAT İngiliz Dili PE1128.C74 I54 2000 0027884 02/02/2026 3.50 3.50         02/03/2011 19 05/12/2024 05/12/2024 Genel Bağış